| 000 | 00642nam a22002175a 4500 | ||
|---|---|---|---|
| 005 | 20160214104810.0 | ||
| 008 | 160211s2007 ii a frbd 001 0 eng d | ||
| 020 | _a9788180940170 | ||
| 040 |
_aEG-ScBUE _beng _cEG-ScBUE _dEG-ScBUE |
||
| 082 | 0 | 4 |
_222 _a616.0194 _bSAR |
| 100 | 1 |
_aSaravanan, P. _939321 |
|
| 245 | 1 | 0 |
_aVirology / _cP. Saravanan. |
| 260 |
_aChennai : _bMJP Publishers, _c2007. |
||
| 300 |
_axviii, 418 p. : _bill. ; _c24 cm. |
||
| 500 | _aGlossary : p. 363-399. | ||
| 500 | _aIndex : p. 411-418. | ||
| 504 | _aBibliography : p. 401-409. | ||
| 650 | 7 |
_2BUEsh _939320 _aVirology. |
|
| 653 |
_bPPhrm _cFebruary2016 |
||
| 942 | _2ddc | ||
| 999 |
_c21133 _d21105 |
||